[Event "Barcelona Sant Marti op-B 23rd"]
[Site "Barcelona"]
[Date "2023.07.20"]
[Round "8"]
[White "Perez Garcia, Jose Miguel"]
[Black "De la Fuente Clemente, Constantin"]
[Result "1-0"]
[WhiteElo "1899"]
[BlackElo "1777"]
[PlyCount "53"]
[EventDate "2023.07.13"]
[EventType "swiss"]
[EventRounds "9"]
[EventCountry "ESP"]
[SourceTitle "CBM 215 Extra"]
[Source "ChessBase"]
[SourceDate "2023.09.30"]
[SourceVersion "1"]
[SourceVersionDate "2023.09.30"]
[SourceQuality "1"]

1. d4 Nf6 2. c4 g6 3. f3 d5 4. cxd5 Nxd5 5. e4 Nb6 6. Nc3 Bg7 7. Be3 Nc6 8. d5 Ne5 9. Bd4 f6 10. Bb5+ Bd7 11. Rc1 Nf7 12. Nge2 Nd6 13. Bxd7+ Qxd7 14. Qd3 0-0 15. 0-0 Rad8 16. b3 Nbc8 17. Nf4 e5 18. dxe6 Qe8 19. e7 Qxe7 20. Ncd5 Qf7 21. Rxc7 Rd7 22. Rxd7 Qxd7 23. Rc1 Nb5 24. Bxf6 Qd6 25. Bxg7 Kxg7 26. Qxb5 Nb6 27. Qc5 1-0

[Event "Barcelona La Lira op 14th"]
[Site "Barcelona"]
[Date "2023.06.15"]
[Round "9"]
[White "De la Fuente Clemente, Constantin"]
[Black "Ciria Sanchez, Jose Antonio"]
[Result "0-1"]
[WhiteElo "1828"]
[BlackElo "1839"]
[PlyCount "64"]
[EventDate "2023.04.20"]
[EventType "swiss"]
[EventRounds "9"]
[EventCountry "ESP"]
[SourceTitle "EXT 2024"]
[Source "ChessBase"]
[SourceDate "2023.10.10"]
[SourceVersion "1"]
[SourceVersionDate "2023.10.10"]
[SourceQuality "1"]

1. e4 e5 2. Nf3 Nc6 3. Bc4 Bc5 4. c3 Nf6 5. d4 exd4 6. cxd4 Bb4+ 7. Bd2 Bxd2+ 8. Nbxd2 d6 9. h3 0-0 10. 0-0 d5 11. exd5 Nxd5 12. Re1 Nf4 13. Re4 Qf6 14. Qe1 Qh6 15. Qe3 Ng6 16. Qc3 Bf5 17. Re3 Nf4 18. Ne5 Nxe5 19. Rxe5 Be6 20. d5 Bd7 21. Rae1 b5 22. Bb3 Qg6 23. Qf3 Nd3 24. R5e3 Nxe1 25. Rxe1 Rae8 26. Rc1 Bf5 27. Rxc7 Re1+ 28. Nf1 Bd3 29. d6 Rxf1+ 30. Kh2 Qxd6+ 31. g3 Qxc7 32. Qxd3 Rxf2+ 0-1

[Event "Sant Adria de Besos op 17th"]
[Site "Sant Adria de Besos"]
[Date "2023.06.04"]
[Round "7"]
[White "Subirana Santos, Marc"]
[Black "De la Fuente Clemente, Constantin"]
[Result "0-1"]
[WhiteElo "1817"]
[BlackElo "2039"]
[PlyCount "46"]
[EventDate "2023.04.02"]
[EventType "swiss"]
[EventRounds "9"]
[EventCountry "ESP"]
[SourceTitle "EXT 2024"]
[Source "ChessBase"]
[SourceDate "2023.10.10"]
[SourceVersion "1"]
[SourceVersionDate "2023.10.10"]
[SourceQuality "1"]

1. Nf3 Nf6 2. e3 Nc6 3. c4 d5 4. b3 Bg4 5. Bb2 e5 6. h3 Bxf3 7. Qxf3 d4 8. a3 Be7 9. g4 e4 10. Qf5 g6 11. Qb5 Qd6 12. exd4 0-0-0 13. d5 a6 14. Qa4 Ne5 15. Be2 Nd3+ 16. Bxd3 exd3 17. Nc3 Qe5+ 18. Kf1 Bc5 19. b4 Bd4 20. Re1 Qf4 21. Nd1 Rhe8 22. Bxd4 Rxe1+ 23. Kxe1 Qf3 0-1

[Event "Barcelona La Lira op 14th"]
[Site "Barcelona"]
[Date "2023.05.25"]
[Round "6"]
[White "De la Fuente Clemente, Constantin"]
[Black "Cervera Lopez, Miguel"]
[Result "0-1"]
[WhiteElo "1828"]
[BlackElo "1563"]
[PlyCount "108"]
[EventDate "2023.04.20"]
[EventType "swiss"]
[EventRounds "9"]
[EventCountry "ESP"]
[SourceTitle "EXT 2024"]
[Source "ChessBase"]
[SourceDate "2023.10.10"]
[SourceVersion "1"]
[SourceVersionDate "2023.10.10"]
[SourceQuality "1"]

1. d4 d5 2. Nf3 Nc6 3. g3 e6 4. Bg2 Nf6 5. b3 Ne4 6. 0-0 Be7 7. Ba3 Bxa3 8. Nxa3 Qe7 9. Nb1 Qf6 10. c3 Bd7 11. Nfd2 Qg6 12. f3 Nd6 13. e4 0-0-0 14. b4 Ne7 15. a4 h5 16. Qe2 h4 17. g4 h3 18. Bh1 f5 19. Kf2 fxe4 20. fxe4 Rdf8+ 21. Ke1 Rxf1+ 22. Kxf1 Rf8+ 23. Ke1 Qg5 24. Bf3 dxe4 25. Nxe4 Nxe4 26. Qxe4 Qc1+ 27. Bd1 Nd5 28. Ra2 Ne3 29. Rd2 Ng2+ 30. Ke2 Nf4+ 31. Ke3 Nd5+ 32. Ke2 Qxb1 33. Qxb1 Nxc3+ 34. Kd3 Nxb1 35. Rb2 Na3 36. Kc3 Rf1 37. Be2 Rf2 38. Bd3 Rf3 39. Rb3 Bxa4 40. Rxa3 Bb5 41. Kd2 Bxd3 42. Rxd3 Rf2+ 43. Ke3 Rxh2 44. Kf4 Rh1 45. Kg5 h2 46. Rd2 Kd7 47. Kg6 Rg1 48. Rxh2 Rxg4+ 49. Kf7 Rxd4 50. Kxg7 Rxb4 51. Kf6 Rf4+ 52. Ke5 Rf5+ 53. Ke4 Kd6 54. Rd2+ Rd5 0-1

[Event "Barcelona La Lira op 14th"]
[Site "Barcelona"]
[Date "2023.05.04"]
[Round "3"]
[White "Brunet Espinosa, Roger"]
[Black "De la Fuente Clemente, Constantin"]
[Result "1/2-1/2"]
[WhiteElo "1603"]
[BlackElo "1828"]
[PlyCount "45"]
[EventDate "2023.04.20"]
[EventType "swiss"]
[EventRounds "9"]
[EventCountry "ESP"]
[SourceTitle "EXT 2024"]
[Source "ChessBase"]
[SourceDate "2023.10.10"]
[SourceVersion "1"]
[SourceVersionDate "2023.10.10"]
[SourceQuality "1"]

1. d4 Nf6 2. c4 g6 3. Nc3 d5 4. Bf4 Bg7 5. Nf3 Bg4 6. e3 Bxf3 7. Qxf3 c6 8. Bd3 Qa5 9. 0-0 Nbd7 10. cxd5 Nxd5 11. Nxd5 cxd5 12. b4 Qa3 13. Bb5 e6 14. Rfc1 Rd8 15. Bc7 0-0 16. Bxd8 Rxd8 17. Bxd7 Rxd7 18. Rc8+ Bf8 19. b5 Kg7 20. Qe2 Rd6 21. Rc7 Rb6 22. Rac1 Bd6 23. R7c3 1/2-1/2

[Event "Barcelona La Lira op 12th"]
[Site "Barcelona"]
[Date "2019.05.23"]
[Round "7"]
[White "Niubo Calvo, Juan"]
[Black "De la Fuente Clemente, Constantin"]
[Result "1-0"]
[WhiteElo "1741"]
[BlackElo "1856"]
[PlyCount "79"]
[EventDate "2019.04.04"]
[EventType "swiss"]
[EventRounds "9"]
[EventCountry "ESP"]
[SourceTitle "CBM 190 Extra"]
[Source "ChessBase"]
[SourceDate "2019.07.15"]
[SourceVersion "1"]
[SourceVersionDate "2019.07.15"]
[SourceQuality "1"]

1. e4 e5 2. Nf3 Nf6 3. Nxe5 d6 4. Nf3 Nxe4 5. c4 Bg4 6. Be2 Nc6 7. 0-0 Qd7 8. d3 Nf6 9. Be3 0-0-0 10. a3 d5 11. b4 Bxf3 12. Bxf3 Ne5 13. Bxa7 b6 14. Nc3 Kb7 15. b5 Nxf3+ 16. Qxf3 Kxa7 17. a4 Bb4 18. Na2 Ba5 19. Nc1 Qg4 20. Qxg4 Nxg4 21. Nb3 dxc4 22. dxc4 Rd3 23. Nxa5 bxa5 24. c5 Re8 25. Rfe1 Rxe1+ 26. Rxe1 Rc3 27. h3 Nh6 28. Re5 Rc4 29. g4 g6 30. Kf1 Rxa4 31. Re7 Kb7 32. b6 Ra1+ 33. Kg2 Rc1 34. Rxc7+ Kb8 35. c6 a4 36. Rb7+ Kc8 37. Rc7+ Kd8 38. Rd7+ Kc8 39. b7+ Kb8 40. Rd8+ 1-0

[Event "Barcelona La Lira op 12th"]
[Site "Barcelona"]
[Date "2019.05.16"]
[Round "6"]
[White "De la Fuente Clemente, Constantin"]
[Black "Farre Buil, Carles"]
[Result "1-0"]
[WhiteElo "1856"]
[BlackElo "1812"]
[PlyCount "55"]
[EventDate "2019.04.04"]
[EventType "swiss"]
[EventRounds "9"]
[EventCountry "ESP"]
[SourceTitle "CBM 190 Extra"]
[Source "ChessBase"]
[SourceDate "2019.07.15"]
[SourceVersion "1"]
[SourceVersionDate "2019.07.15"]
[SourceQuality "1"]

1. e4 c5 2. Nf3 Nc6 3. d4 cxd4 4. Nxd4 g6 5. Be3 Bg7 6. Nc3 Nf6 7. f3 0-0 8. Qd2 d5 9. Nxc6 bxc6 10. 0-0-0 Bb7 11. e5 Nd7 12. f4 f6 13. e6 Nb6 14. f5 gxf5 15. Qf2 Qd6 16. Bd3 Bc8 17. Bxf5 Bxe6 18. Bc5 Qd7 19. Bxe6+ Qxe6 20. Rhe1 Qg4 21. Rxe7 Nc4 22. Rd3 Rf7 23. Rg3 Qh5 24. Re6 Kh8 25. b3 Bh6+ 26. Kb1 Rb8 27. Bd4 Ne5 28. Rxf6 1-0

[Event "Barcelona La Lira op 12th"]
[Site "Barcelona"]
[Date "2019.04.04"]
[Round "1"]
[White "Torres Teruel, Joan"]
[Black "De la Fuente Clemente, Constantin"]
[Result "0-1"]
[WhiteElo "1479"]
[BlackElo "1856"]
[PlyCount "56"]
[EventDate "2019.04.04"]
[EventType "swiss"]
[EventRounds "9"]
[EventCountry "ESP"]
[SourceTitle "CBM 190 Extra"]
[Source "ChessBase"]
[SourceDate "2019.07.15"]
[SourceVersion "1"]
[SourceVersionDate "2019.07.15"]
[SourceQuality "1"]

1. Nf3 Nf6 2. g3 Nc6 3. Bg2 e5 4. d3 d5 5. Nbd2 Bg4 6. b3 Qd7 7. Bb2 Bd6 8. h3 Bf5 9. c4 d4 10. Ng5 Bb4 11. a3 Bxd2+ 12. Qxd2 h6 13. Nf3 g5 14. g4 Bg6 15. b4 e4 16. dxe4 Nxe4 17. Qd1 0-0-0 18. b5 Na5 19. Qa4 b6 20. Ne5 Qd6 21. Nxg6 Qxg6 22. Rd1 d3 23. Bxh8 Rxh8 24. exd3 Nc3 25. Qc2 Re8+ 26. Kf1 Nxd1 27. Qxd1 Rd8 28. Be4 Qxe4 0-1

[Event "Barcelona La Lira op 37th"]
[Site "Barcelona"]
[Date "2019.02.15"]
[Round "5"]
[White "De la Fuente Clemente, Constantin"]
[Black "Tevar Lopez, Fernando"]
[Result "1-0"]
[WhiteElo "1833"]
[BlackElo "1667"]
[PlyCount "23"]
[EventDate "2019.01.18"]
[EventType "swiss"]
[EventRounds "8"]
[EventCountry "ESP"]
[SourceTitle "CBM 189 Extra"]
[Source "ChessBase"]
[SourceDate "2019.06.03"]
[SourceVersion "1"]
[SourceVersionDate "2019.06.03"]
[SourceQuality "1"]

1. e4 c6 2. Nf3 d5 3. Nc3 dxe4 4. Nxe4 Bf5 5. Ng3 Bg6 6. h4 h6 7. Ne5 Bh7 8. Qf3 Nf6 9. Qb3 Qd5 10. Qxb7 c5 11. Bb5+ Nbd7 12. Bxd7+ 1-0

[Event "Barcelona La Lira op 37th"]
[Site "Barcelona"]
[Date "2019.01.18"]
[Round "1"]
[White "De la Fuente Clemente, Constantin"]
[Black "Febrero Perez, Lluis"]
[Result "1-0"]
[WhiteElo "1833"]
[BlackElo "1419"]
[PlyCount "37"]
[EventDate "2019.01.18"]
[EventType "swiss"]
[EventRounds "8"]
[EventCountry "ESP"]
[SourceTitle "CBM 189 Extra"]
[Source "ChessBase"]
[SourceDate "2019.06.03"]
[SourceVersion "1"]
[SourceVersionDate "2019.06.03"]
[SourceQuality "1"]

1. e4 e5 2. Nf3 Nc6 3. Bc4 Bc5 4. c3 Nf6 5. d3 0-0 6. Bg5 h6 7. Bh4 Be7 8. a3 d5 9. Bxf6 dxc4 10. Bxe7 Qxe7 11. dxc4 Be6 12. Nbd2 Rfd8 13. Qe2 a5 14. 0-0 f6 15. a4 Qf7 16. c5 Nb8 17. Qb5 c6 18. Qb6 Ra6 19. Qxd8+ 1-0

[Event "Barcelona Primavera La Lira op 11th"]
[Site "Barcelona"]
[Date "2018.05.17"]
[Round "6"]
[White "Fernandez Madrid, Carlos"]
[Black "De la Fuente Clemente, Constantin"]
[Result "0-1"]
[WhiteElo "2042"]
[BlackElo "1832"]
[PlyCount "118"]
[EventDate "2018.04.12"]
[EventType "swiss"]
[EventRounds "9"]
[EventCountry "ESP"]
[SourceTitle "CBM 184 Extra"]
[Source "ChessBase"]
[SourceDate "2018.06.28"]
[SourceVersion "1"]
[SourceVersionDate "2018.06.28"]
[SourceQuality "1"]

1. d4 Nf6 2. c4 g6 3. Nc3 d5 4. cxd5 Nxd5 5. e4 Nxc3 6. bxc3 Bg7 7. Bb5+ Nc6 8. Nf3 a6 9. Be2 0-0 10. 0-0 e6 11. Rb1 Ne7 12. Bg5 h6 13. Be3 b6 14. Qd2 Kh7 15. c4 Bb7 16. Bd3 f5 17. e5 Bxf3 18. gxf3 Nc6 19. Bc2 f4 20. Qd3 Qg5+ 21. Kh1 Qh5 22. Rg1 Qxf3+ 23. Rg2 Ne7 24. Bd2 Qxd3 25. Bxd3 Rad8 26. Bc3 Bxe5 27. Bb4 c5 28. dxc5 Rxd3 29. cxb6 Bf6 30. f3 Rfd8 31. b7 Nc6 32. Ba5 Nxa5 33. b8Q Rxb8 34. Rxb8 Rd1+ 35. Rg1 Rxg1+ 36. Kxg1 Nxc4 37. Rb7+ Kg8 38. Kf1 a5 39. Ke2 Kf8 40. Kd3 Nd6 41. Ra7 Bc3 42. Ra8+ Ke7 43. Kxc3 Kf6 44. Rxa5 g5 45. a4 h5 46. Ra6 Ke5 47. Ra5+ Kf6 48. Kd3 e5 49. Ra6 Ke7 50. Rb6 g4 51. fxg4 hxg4 52. a5 e4+ 53. Ke2 f3+ 54. Kf1 e3 55. a6 Nc4 56. Rb7+ Kd6 57. a7 Nd2+ 58. Ke1 f2+ 59. Ke2 f1Q+ 0-1

[Event "Barcelona Primavera La Lira op 11th"]
[Site "Barcelona"]
[Date "2018.05.10"]
[Round "5"]
[White "De la Fuente Clemente, Constantin"]
[Black "Serentill Tost, Eduard"]
[Result "1-0"]
[WhiteElo "1832"]
[BlackElo "1659"]
[PlyCount "47"]
[EventDate "2018.04.12"]
[EventType "swiss"]
[EventRounds "9"]
[EventCountry "ESP"]
[SourceTitle "CBM 184 Extra"]
[Source "ChessBase"]
[SourceDate "2018.06.28"]
[SourceVersion "1"]
[SourceVersionDate "2018.06.28"]
[SourceQuality "1"]

1. e4 e6 2. d4 d5 3. Nc3 Nf6 4. e5 Nfd7 5. f4 c5 6. dxc5 Bxc5 7. Qg4 g6 8. Nh3 Nc6 9. Bd2 a6 10. 0-0-0 b5 11. Ng5 Nd4 12. h4 h5 13. Qh3 Qb6 14. g4 hxg4 15. Qxg4 Nf5 16. Bg2 Be3 17. Nxd5 Bxd2+ 18. Rxd2 exd5 19. Bxd5 Ne3 20. Bxf7+ Ke7 21. Qf3 Bb7 22. Qh3 Nf5 23. Rhd1 Bc6 24. Bxg6 1-0

[Event "Barcelona Primavera La Lira op 11th"]
[Site "Barcelona"]
[Date "2018.05.03"]
[Round "4"]
[White "Gil Gil, Antoni"]
[Black "De la Fuente Clemente, Constantin"]
[Result "1-0"]
[WhiteElo "1867"]
[BlackElo "1832"]
[PlyCount "101"]
[EventDate "2018.04.12"]
[EventType "swiss"]
[EventRounds "9"]
[EventCountry "ESP"]
[SourceTitle "CBM 184 Extra"]
[Source "ChessBase"]
[SourceDate "2018.06.28"]
[SourceVersion "1"]
[SourceVersionDate "2018.06.28"]
[SourceQuality "1"]

1. e4 e5 2. Nf3 Nf6 3. d4 Nxe4 4. dxe5 d5 5. Bf4 Bc5 6. Nd4 Nc6 7. Bb5 0-0 8. Bxc6 bxc6 9. 0-0 Qh4 10. g3 Qe7 11. b4 Bb6 12. Nxc6 Qe6 13. Qxd5 Ba6 14. Qxe4 Bxf1 15. Kxf1 f6 16. Qd5 Qxd5 17. Ne7+ Kh8 18. Nxd5 Bxf2 19. e6 Bd4 20. c3 Be5 21. Nxc7 Bxc7 22. Bxc7 Rfe8 23. Nd2 Rxe6 24. c4 Rc8 25. Ba5 Rce8 26. c5 Re2 27. Nf3 Rc2 28. Re1 Ra8 29. Re2 Rc1+ 30. Kf2 Kg8 31. Nd4 Kf7 32. Nc6 Kg6 33. Ne7+ Kf7 34. Nf5 Kg6 35. g4 Rc4 36. h3 h5 37. Ne7+ Kg5 38. c6 hxg4 39. hxg4 Re8 40. c7 Rf4+ 41. Kg1 Rc4 42. b5 Kxg4 43. c8Q+ Rcxc8 44. Rg2+ Kh3 45. Nxc8 Rxc8 46. Rxg7 Rc2 47. Be1 Rc1 48. Kf2 Rc2+ 49. Kf3 Kh2 50. Bf2 Rc3+ 51. Be3 1-0

[Event "Barcelona Primavera La Lira op 11th"]
[Site "Barcelona"]
[Date "2018.04.19"]
[Round "2"]
[White "Martin Sanchez, Enric"]
[Black "De la Fuente Clemente, Constantin"]
[Result "1-0"]
[WhiteElo "1941"]
[BlackElo "1832"]
[PlyCount "67"]
[EventDate "2018.04.12"]
[EventType "swiss"]
[EventRounds "9"]
[EventCountry "ESP"]
[SourceTitle "CBM 184 Extra"]
[Source "ChessBase"]
[SourceDate "2018.06.28"]
[SourceVersion "1"]
[SourceVersionDate "2018.06.28"]
[SourceQuality "1"]

1. e4 e5 2. Nf3 Nf6 3. Nxe5 d6 4. Nf3 Nxe4 5. d4 d5 6. Bd3 Be7 7. 0-0 Bg4 8. Nc3 f5 9. h3 Bh5 10. g4 Bg6 11. Ne5 Nd7 12. Bf4 Nxe5 13. Bxe5 h5 14. f3 Bd6 15. fxe4 Bxe5 16. dxe5 Qh4 17. Qe1 Qxh3 18. gxf5 h4 19. Qf2 Bh5 20. Rae1 d4 21. Nd5 g5 22. Nf6+ Kf7 23. Nxh5 Rxh5 24. Qf3 Qg3+ 25. Qxg3 hxg3 26. e6+ Ke7 27. e5 Rah8 28. f6+ Kxe6 29. Bf5+ Kd5 30. Kg2 g4 31. Kxg3 Rh3+ 32. Kxg4 R8h4+ 33. Kg5 Rh8 34. Bxh3 1-0

[Event "Barcelona La Lira op 36th"]
[Site "Barcelona"]
[Date "2018.03.02"]
[Round "7.8"]
[White "De la Fuente Clemente, Constantin"]
[Black "Walter Travella, German"]
[Result "1-0"]
[WhiteElo "1790"]
[BlackElo "1855"]
[PlyCount "68"]
[EventDate "2018.01.19"]
[EventType "swiss"]
[EventRounds "8"]
[EventCountry "ESP"]
[SourceTitle "EXT 2024"]
[Source "ChessBase"]
[SourceDate "2023.10.10"]
[SourceVersion "1"]
[SourceVersionDate "2023.10.10"]
[SourceQuality "1"]

1. e4 Nc6 2. Nf3 e6 3. d4 d5 4. e5 Bd7 5. a3 a5 6. Bd3 Na7 7. 0-0 c5 8. c3 Qb6 9. Ng5 Nh6 10. dxc5 Bxc5 11. b4 Be7 12. Be3 Qd8 13. f4 Nc6 14. b5 Nxe5 15. Nxe6 Bxe6 16. fxe5 Ng4 17. Bd4 Bg5 18. Qf3 0-0 19. h3 Nh6 20. a4 f5 21. Na3 b6 22. Nc2 Rc8 23. Ne3 Be7 24. Bc2 g5 25. Qh5 Kg7 26. Bb3 Bc5 27. Rad1 Bf7 28. Qf3 g4 29. Qf4 Be6 30. c4 Bxd4 31. Rxd4 Qc7 32. cxd5 Qc3 33. dxe6 Qxb3 34. Qg5+ Kh8 1-0

[Event "Barcelona La Lira op 36th"]
[Site "Barcelona"]
[Date "2018.02.09"]
[Round "4.3"]
[White "Bieg Pagel, Clemens"]
[Black "De la Fuente Clemente, Constantin"]
[Result "1/2-1/2"]
[WhiteElo "1785"]
[BlackElo "1790"]
[PlyCount "237"]
[EventDate "2018.01.19"]
[EventType "swiss"]
[EventRounds "8"]
[EventCountry "ESP"]
[SourceTitle "EXT 2024"]
[Source "ChessBase"]
[SourceDate "2023.10.10"]
[SourceVersion "1"]
[SourceVersionDate "2023.10.10"]
[SourceQuality "1"]

1. e4 e5 2. Nf3 Nf6 3. d4 Nxe4 4. Bd3 d5 5. Nxe5 Nc6 6. Nxc6 bxc6 7. 0-0 Bd6 8. c4 Qh4 9. g3 Qh3 10. c5 Be7 11. Re1 Nxf2 12. Qe2 Ne4 13. Bxe4 dxe4 14. Qxe4 Qe6 15. Bf4 Qxe4 16. Rxe4 Bf5 17. Re3 Rc8 18. Nd2 Be6 19. Ra3 Bf6 20. Nf3 Bd5 21. Re1+ Kd7 22. Be5 Rhe8 23. Bxf6 gxf6 24. Rxe8 Rxe8 25. Kf2 Rb8 26. b3 Rb7 27. Ke3 Ke6 28. Kf4 h5 29. Nh4 Rb4 30. Nf5 Kd7 31. Rxa7 Be6 32. Ra4 Rb8 33. Ng7 Bg4 34. h3 Bd1 35. Kf5 Ke7 36. Ra7 Rc8 37. g4 Bc2+ 38. Kf4 hxg4 39. hxg4 Kd7 40. Nh5 Ke6 41. Ke3 f5 42. g5 Bb1 43. Nf4+ Kd7 44. Nd3 Bxd3 45. Kxd3 Rg8 46. a4 Rxg5 47. a5 Rg3+ 48. Ke2 Rxb3 49. a6 f4 50. Ra8 Ra3 51. a7 Ke7 52. Kf2 Kf6 53. Ke2 Kf5 54. Kf2 f6 55. Ke2 f3+ 56. Kf2 Kf4 57. Rf8 Ra2+ 58. Kf1 Rxa7 59. Rxf6+ Ke3 60. Re6+ Kxd4 61. Rxc6 Kd5 62. Rf6 Ra3 63. c6 Rc3 64. Ke1 Re3+ 65. Kd2 Re2+ 66. Kd3 Ra2 67. Ke3 Ra3+ 68. Kf2 Rc3 69. Ke1 Rxc6 70. Rxf3 Rc2 71. Kd1 Rh2 72. Rf4 Kc5 73. Kc1 Kb5 74. Rg4 c5 75. Kb1 c4 76. Rg8 Kb4 77. Rb8+ Kc3 78. Rg8 Rh1+ 79. Ka2 Kc2 80. Rg2+ Kc3 81. Rg8 Rh6 82. Kb1 Rh1+ 83. Ka2 Rh2+ 84. Kb1 Kd2 85. Rd8+ Ke1 86. Re8+ Kd1 87. Rd8+ Rd2 88. Rc8 Rd4 89. Kb2 Kd2 90. Rc7 Kd3 91. Rc8 Rd7 92. Rc6 Rb7+ 93. Kc1 Kc3 94. Rh6 Rd7 95. Rh3+ Rd3 96. Rh2 Kb3 97. Rb2+ Ka3 98. Rb8 Rb3 99. Ra8+ Kb4 100. Rb8+ Kc3 101. Rh8 Rb7 102. Rh3+ Kb4 103. Kc2 Ra7 104. Kb2 Rd7 105. Kc2 Rg7 106. Rh2 Rg3 107. Rh8 Rg2+ 108. Kc1 Kb3 109. Rb8+ Kc3 110. Kb1 Rg1+ 111. Ka2 Kd3 112. Rd8+ Kc2 113. Rh8 c3 114. Rh2+ Kd3 115. Rh3+ Kd2 116. Rh2+ Ke3 117. Rh3+ Kd2 118. Rh2+ Kc1 119. Kb3 1/2-1/2

[Event "Llinars del Valles op 11th"]
[Site "Llinars del Valles"]
[Date "2017.05.13"]
[Round "4"]
[White "Oset Teixidor, Guerau"]
[Black "De la Fuente Clemente, Constantin"]
[Result "0-1"]
[WhiteElo "2013"]
[BlackElo "1816"]
[PlyCount "48"]
[EventDate "2017.04.22"]
[EventType "swiss"]
[EventRounds "9"]
[EventCountry "CAT"]
[SourceTitle "EXT 2018"]
[Source "ChessBase"]
[SourceDate "2017.10.13"]
[SourceVersion "1"]
[SourceVersionDate "2017.10.13"]
[SourceQuality "1"]

1. d4 Nf6 2. Bf4 g6 3. e3 Bg7 4. Nf3 0-0 5. Be2 d6 6. 0-0 Nh5 7. Bg5 h6 8. Bh4 g5 9. Nfd2 gxh4 10. Bxh5 e5 11. c3 Bf5 12. Qb3 Qg5 13. Bf3 Nd7 14. Qxb7 Nf6 15. dxe5 dxe5 16. e4 Bh3 17. Kh1 Bg4 18. Qxc7 h3 19. g3 Rad8 20. Bxg4 Nxg4 21. Nf3 Nxf2+ 22. Kg1 Qe3 23. Nbd2 Nd1+ 24. Kh1 Qe2 0-1

[Event "Montcada op-B 24th"]
[Site "Montcada"]
[Date "2016.06.28"]
[Round "4"]
[White "De la Fuente Clemente, Constantin"]
[Black "Alcaraz Lopez, Francesco"]
[Result "1-0"]
[WhiteElo "1821"]
[BlackElo "1891"]
[PlyCount "67"]
[EventDate "2016.06.25"]
[EventType "swiss"]
[EventRounds "9"]
[EventCountry "ESP"]
[SourceTitle "EXT 2017"]
[Source "ChessBase"]
[SourceDate "2016.10.25"]
[SourceVersion "1"]
[SourceVersionDate "2016.10.25"]
[SourceQuality "1"]

1. e4 c5 2. Nf3 Nc6 3. c3 d5 4. e5 g6 5. d4 cxd4 6. cxd4 Bg7 7. Be3 e6 8. Nc3 a6 9. Bd3 Nge7 10. Rc1 0-0 11. Qd2 Bd7 12. Bh6 b5 13. h4 f6 14. h5 Nf5 15. Bxg7 Kxg7 16. hxg6 h5 17. Rxh5 Rh8 18. Rxh8 Qxh8 19. Bxf5 exf5 20. exf6+ Kxg6 21. Qg5+ Kf7 22. Qg7+ Qxg7 23. fxg7 Kxg7 24. Nxd5 Re8+ 25. Kd2 Kg6 26. Nb6 Nxd4 27. Nxd7 Nxf3+ 28. gxf3 Rd8 29. Rc7 Kf7 30. Ke3 Ke6 31. Nc5+ Kd6 32. Nb7+ Kxc7 33. Nxd8 Kxd8 34. Kf4 1-0

[Event "Montcada op-B 24th"]
[Site "Montcada"]
[Date "2016.06.27"]
[Round "3"]
[White "Torralba Brosa, Marc"]
[Black "De la Fuente Clemente, Constantin"]
[Result "0-1"]
[WhiteElo "1741"]
[BlackElo "1821"]
[PlyCount "69"]
[EventDate "2016.06.25"]
[EventType "swiss"]
[EventRounds "9"]
[EventCountry "ESP"]
[SourceTitle "EXT 2017"]
[Source "ChessBase"]
[SourceDate "2016.10.25"]
[SourceVersion "1"]
[SourceVersionDate "2016.10.25"]
[SourceQuality "1"]

1. e4 e5 2. Nf3 Nf6 3. d4 Nxe4 4. Bd3 d5 5. Nxe5 Nd7 6. Nxf7 Kxf7 7. Qh5+ Ke6 8. Bxe4 dxe4 9. d5+ Ke7 10. Bg5+ Nf6 11. Nc3 Qd6 12. Nxe4 Qb4+ 13. Nc3 Bg4 14. Qh4 Re8 15. 0-0 Kf7 16. Bxf6 gxf6 17. h3 Bf5 18. Qh5+ Bg6 19. Qf3 Bd6 20. Rfe1 Qxb2 21. Reb1 Qxc2 22. Nb5 Qxb1+ 23. Rxb1 Bxb1 24. Nxd6+ cxd6 25. Qa3 Rd8 26. Qxa7 Rd7 27. Qa4 Rhd8 28. h4 Re7 29. Qb4 Be4 30. Qa5 Rf8 31. g3 Rc8 32. Qd2 Rec7 33. g4 Rc1+ 34. Kh2 R8c3 35. f3 0-1

[Event "Barcelona Sant Marti op-B 17th"]
[Site "Barcelona"]
[Date "2015.07.19"]
[Round "7"]
[White "Ferres Saez, Joan"]
[Black "De la Fuente Clemente, Constantin"]
[Result "0-1"]
[WhiteElo "1901"]
[BlackElo "2043"]
[PlyCount "108"]
[EventDate "2015.07.13"]
[EventType "swiss"]
[EventRounds "9"]
[EventCountry "ESP"]
[SourceTitle "EXT 2016"]
[Source "ChessBase"]
[SourceDate "2015.10.08"]
[SourceVersion "1"]
[SourceVersionDate "2015.10.08"]
[SourceQuality "1"]

1. d4 d5 2. c4 dxc4 3. Nc3 a6 4. g3 b5 5. Bg2 c6 6. Nf3 Nf6 7. Ne5 Bb7 8. 0-0 e6 9. a4 Qc7 10. axb5 axb5 11. Rxa8 Bxa8 12. Nxb5 cxb5 13. Bxa8 Nd5 14. Bxd5 exd5 15. e4 Be7 16. exd5 0-0 17. Qf3 Bf6 18. Bf4 Qa7 19. Rd1 Qa2 20. Ng4 Be7 21. d6 Bd8 22. Qb7 Qxb2 23. Qxb8 c3 24. Re1 c2 25. d7 Qb1 26. Bc1 f5 27. Re8 Qxc1+ 28. Kg2 Qh1+ 29. Kxh1 c1Q+ 30. Kg2 Qc6+ 31. f3 Qxd7 32. Rxf8+ Kxf8 33. Ne5 Qxd4 34. Nc6 Qd2+ 35. Kh3 Qh6+ 36. Kg2 Qxc6 37. Qxd8+ Kf7 38. Qd3 g6 39. Kh3 Qc4 40. Qd7+ Kf6 41. Qd8+ Ke6 42. f4 Qf1+ 43. Kh4 Qf3 44. Qc8+ Kd6 45. Qb8+ Kc5 46. Qa7+ Kc4 47. Qc7+ Kd3 48. Qd7+ Ke3 49. Kg5 Qh5+ 50. Kf6 Qxh2 51. Qxb5 Qxg3 52. Qb3+ Kxf4 53. Qf7 Qc3+ 54. Ke7 Qc7+ 0-1

[Event "Barcelona Sant Marti op-B 17th"]
[Site "Barcelona"]
[Date "2015.07.18"]
[Round "6"]
[White "Sobrevia Castellar, Lluis"]
[Black "De la Fuente Clemente, Constantin"]
[Result "1-0"]
[WhiteElo "1999"]
[BlackElo "2043"]
[PlyCount "45"]
[EventDate "2015.07.13"]
[EventType "swiss"]
[EventRounds "9"]
[EventCountry "ESP"]
[SourceTitle "EXT 2016"]
[Source "ChessBase"]
[SourceDate "2015.10.08"]
[SourceVersion "1"]
[SourceVersionDate "2015.10.08"]
[SourceQuality "1"]

1. c4 Nf6 2. Nc3 e5 3. e4 Bb4 4. Nge2 c6 5. a3 Ba5 6. b4 Bb6 7. c5 Bc7 8. d4 exd4 9. Qxd4 Qe7 10. Bf4 Na6 11. Bd6 Bxd6 12. cxd6 Qd8 13. e5 Ng8 14. Ng3 Qg5 15. Nce4 Qg4 16. h3 Qe6 17. Bc4 Qg6 18. 0-0 Nh6 19. f4 Nf5 20. Nxf5 Qxf5 21. Ng5 f6 22. exf6 gxf6 23. Qe3+ 1-0